00682nam a2200157Ia 450000500170000000800410001708200160005810000430007424501850011726000570030230000090035965000480036894200070041699900170042395200840044020240821155020.0240821s9999||||xx |||||||||||||| ||und|| a708.942 GRE aIrish University Press Shannon ireland 0aBritish parliamentary papers : report of the commissioners the present position of the royal academy in relation to the fine arts with minutes of evidence appendix and index and ob aLondonbIrish University Press Shannon Irelandc1970 a769p aArts, crafts, music, sports and recreations cBK c93109d93109 00104070aLDDbLDDd2024-08-21l0p78046r2024-08-21 15:50:20w2024-08-21yBK